000 00269nam a22001217a 4500
008 170525b xxu||||| |||| 00| 0 eng d
041 _aeng
080 _a007.52
100 _a26
101 _aIM
245 _aROBOT COMPONENTS AND SYSTEM
_cLHOTE.F
942 _2udc
_cBK
999 _c14289
_d14289